000 01333nam a2200349 a 4500
001 000115346
003 CHAP
005 20220329144530.0
008 190513s2018 mx a |sm |||||||spa d
010 _a111807
011 _a112779
040 _cCHAP
090 _aTesis
100 1 _aRoyan Isaac, Micah.
_9135558
245 1 0 _aEspecies de fusarium asociadas a la marchitez del tomate :
_h[En línea]
_bidentificación, patogenicidad y control biológico /
_cpor Micah Royan Isaac.
260 _aChapingo, Méx. :
_bEl autor,
_c2018.
500 _aPara ver el contenido del material haga clic en la liga
502 _aTesis (Ph.D. en Ciencias en Horticultura) -- UACH. Departamento de Fitotecnia
590 _aBATCH-UPD
_b05
_c20190513
_lUCH01
_h1231
590 _aE11695DGD
_b10
_c20190514
_lUCH01
_h1035
590 _aE6339RRR
_b05
_c20190513
_lUCH01
_h1231
590 _aE6339RRR
_b05
_c20190513
_lUCH01
_h1231
590 _aE6339RRR
_b05
_c20190513
_lUCH01
_h1232
650 1 4 _aFusarium oxysporum
_xControl biológico.
_9131842
650 1 4 _aTomate
_xCultivos en invernadero.
_9113704
650 1 4 _aTomate
_xEnfermedades por hongos.
_9113713
650 1 4 _aTrichoderma spp. como fungicida.
_9133923
856 _aFinding aid
_uhttp://10.13.5.2/tesis/sist115346.pdf
_zTeclea aquí
901 _aBK
942 _cTESIS
942 _n0
999 _c111807
_d111807